| 000 | 00761cab a2200229 4500 | ||
|---|---|---|---|
| 001 | WB3012-20 | ||
| 008 | 090401t1994 xxu||||| |||| 00| 0 eng d | ||
| 035 | _a(Sirsi) u10717 | ||
| 041 | _aeng | ||
| 245 | _aHousing proposals criticised | ||
| 260 | _c1994 | ||
| 350 | _a0 | ||
| 490 |
_aRICS Press Release _v(PR44/94RES) 18 March 1994 (2) |
||
| 520 | _aCriticism of a DoE consultation paper "Access to local authority and housing association tenancies", by the RICS, argues that homelessness needs to be addressed by the provision of more affordable homes. | ||
| 650 |
_aAffordable housing _96215 |
||
| 650 | _aRENTED HOUSING | ||
| 650 | _aTEMPORARY ACCOMMODATION | ||
| 650 | _aWAITING LISTS | ||
| 690 | _aHOUSING | ||
| 942 | _n0 | ||
| 948 | _c04/03/1997 | ||
| 999 |
_c6807 _d6807 |
||